000 00967cam a2200241 i 4500
005 20131114050652.0
008 801204s1979 gw 001 0 ger
020 _a3423050144 :
041 0 _ager
080 _a339.92
_x(094)
100 1 _aSteindorff, Ernst,
_ecomp.
245 1 0 _aEuropa-Recht :
_cmit ausführl. Sachverz. u.e. Einf. von Ernst Steindorff.
250 _a4., neubearb. Aufl., Stand, 1. Januar 1979.
260 _a[München] :
_bDeutscher Taschenbuch Verlag,
_c1979.
300 _a392 p. ;
_c18 cm.
490 0 _aBeck-Texte
500 _aEinführung : f. IX-XXVIII
500 _aContains Verträge und Erklärungen zur Gründung der Europäischen Gemeinschaften, Abkommen über gemeinsame Organe, Satzung des Europarates, Menschenrechtskonvention, Europawahl-Gesetz.
500 _aIncludes index.
650 0 _aLigji
_zVendet e Komunitetit ekonomik Evropian.
650 0 _aMarrëdhëniet ekonomike ndërkombëtare
942 _2udc
_cBK
999 _c308
_d308